Efektívne využitie internetu v podmienkach organizácie : Diplomová práca

Gespeichert in:
Bibliographische Detailangaben
1. Verfasser: Gulbiš, Peter (Verfasst von)
Weitere Verfasser: Výboch, Jozef, 1977- (xxx)
Format: Manuskript Buch
Sprache:Slowakisch
Veröffentlicht: Trnava : STU v Bratislave MtF KPIM, 2004
Schlagworte:
Tags: Tag hinzufügen
Keine Tags, Fügen Sie das erste Tag hinzu!

MARC

LEADER 00000ntm a22000003a 4500
001 stu89296
005 20160719154649.9
008 040728s2004----xo------------------slo-d
040 |a STU  |b slo 
041 0 |a slo 
044 |a xo 
100 1 |a Gulbiš, Peter  |4 aut 
245 1 |a Efektívne využitie internetu v podmienkach organizácie :  |b Diplomová práca 
260 |a Trnava :  |b STU v Bratislave MtF KPIM,  |c 2004 
300 |a 80 s  |c príl (CD) 
650 7 |a priemyselné inžinierstvo a manažment  |2 stusub 
700 1 |a Výboch, Jozef,  |d 1977-  |4 xxx  |u M190  |U MTF Materiálovotechnologická fakulta  |T MTF Katedra priemyselného inžinierstva a manažmentu  |X 2817  |U M190  |Y 167  |7 A000002817 
996 |b 284M059974  |c M*DP-5251  |l MMSKP  |s P  |a 0  |w stu89296_0001